| 000 | 00591nam a2200145Ia 4500 | ||
|---|---|---|---|
| 008 | 170221s9999 xx 000 0 und d | ||
| 100 | _aAdunola Oluremi Oke | ||
| 245 | _aConsumer Behavior towards Decision Making and Loyalty to Particular Brands | ||
| 245 | _cAdunola Oluremi Oke, Parinda Kamolshotiros, Oluwamayowa Yewande Popoola, Musibau Akintunde Ajagbe, Olusola Joshua Olujobi | ||
| 260 | _bInternational Review of Management and Marketing | ||
| 260 | _cDecember 2015 | ||
| 300 | _a7:2 | ||
| 650 | _xMarketing. | ||
| 856 | _uhttp://www.econjournals.com/index.php/irmm/issue/view/77 | ||
| 999 |
_c310055 _d310055 |
||